000
00364nam a22001577a 4500
003
MPLRDC
005
20220104143800.0
008
210129b ||||| |||| 00| 0 eng d
082
_a
282 DY c.2
100
_a
丁婴 编
245
_a
中国上古神话故事
_c
260
_a
_b
香港上海书局
_c
1977
300
_b
平
650
_a
942
_c
BK
_o
282 DY c.2
999
_c
43283
_d
43273